SAS essentials : (Record no. 145729)
[ view plain ]
| 000 -LEADER | |
|---|---|
| fixed length control field | 00966nam a22002537a 4500 |
| 005 - DATE AND TIME OF LATEST TRANSACTION | |
| control field | 20180801145702.0 |
| 010 ## - LCCN (DPL NO) | |
| LC control number | B-68224-229 ENG-123659 |
| 020 ## - INTERNATIONAL STANDARD BOOK NUMBER | |
| International Standard Book Number | 9788126557615 |
| Terms of availability | 869.00 |
| 020 ## - INTERNATIONAL STANDARD BOOK NUMBER | |
| International Standard Book Number | 9788126557615 |
| Terms of availability | 849.00 |
| 035 ## - SYSTEM CONTROL NUMBER | |
| System control number | B-68224-229 EN-107191 |
| 037 ## - SOURCE OF ACQUISITION | |
| Source of stock number/acquisition | Pragati |
| Stock number | dpl |
| 037 ## - SOURCE OF ACQUISITION | |
| Source of stock number/acquisition | DBAD/PUB. |
| 082 ## - DEWEY DECIMAL CLASSIFICATION NUMBER | |
| Classification number | 005.55 |
| 100 ## - MAIN ENTRY--PERSONAL NAME | |
| Personal name | Elliott, Alan C. |
| 245 ## - TITLE STATEMENT | |
| Title | SAS essentials : |
| Statement of responsibility, etc | by Alan C. Elliott, Wayne A. Woodward |
| Remainder of title | by mastering SAS for data analytics / |
| 250 ## - EDITION STATEMENT | |
| Edition statement | 2nd ed |
| 260 ## - PUBLICATION, DISTRIBUTION, ETC. (IMPRINT) | |
| Place of publication, distribution, etc | New Delhi |
| Name of publisher, distributor, etc | Wiley India |
| Date of publication, distribution, etc | 2016 |
| 270 ## - ADDRESS | |
| Address | 4435-36/7, Ansari Road, Daryaganj, |
| City | New Delhi |
| Postal code | 110002 |
| 300 v# - PHYSICAL DESCRIPTION | |
| Extent | x,518p. |
| Dimensions | 25cm(pbk) |
| Other physical details | ill. |
| 500 ## - GENERAL NOTE | |
| General note | Includes bibliographical references and index |
| 700 ## - ADDED ENTRY--PERSONAL NAME | |
| Personal name | Woodward, Wayne A. |
| 942 ## - ADDED ENTRY ELEMENTS (KOHA) | |
| Source of classification or shelving scheme | Dewey Decimal Classification |
| Item type | English Books |
| Call number suffix | ELL |
| Classification part | 005.55 |
| Withdrawn status | Lost status | Not for loan | Collection code | Home library | Current library | Date acquired | Source of acquisition | Cost, normal purchase price | Full call number | Barcode | Copy number | Cost, replacement price | Koha item type |
|---|---|---|---|---|---|---|---|---|---|---|---|---|---|
| Non-fiction | Ashok Vihar | Ashok Vihar | 18/05/2018 | Pragati/142/27.11.2017/672/20.11.2017/28.11.2017 | 869.00 | 005.55 ELL | B-682225 | 1 | 869.00 | English Books | |||
| Non-fiction | Bawana | Bawana | 18/05/2018 | Pragati/142/27.11.2017/672/20.11.2017/28.11.2017 | 869.00 | 005.55 ELL | B-682228 | 1 | 869.00 | English Books | |||
| Not For Loan | Non-fiction | D.B.Act.Division | Bawana | 01/08/2018 | DBAD/PUB | 849.00 | 005.55 ELL | EN-107191 | 1 | 849.00 | English Books | ||
| Non-fiction | Central Library | Central Library | 18/05/2018 | Pragati/142/27.11.2017/672/20.11.2017/28.11.2017 | 869.00 | 005.55 ELL | B-682224 | 1 | 869.00 | English Books | |||
| Non-fiction | Janak Puri | Janak Puri | 18/05/2018 | Pragati/142/27.11.2017/672/20.11.2017/28.11.2017 | 869.00 | 005.55 ELL | B-682227 | 1 | 869.00 | English Books | |||
| Non-fiction | Patel Nagar | Patel Nagar | 18/05/2018 | Pragati/142/27.11.2017/672/20.11.2017/28.11.2017 | 869.00 | 005.55 ELL | B-682226 | 1 | 869.00 | English Books | |||
| Non-fiction | Shahdara Branch | Shahdara Branch | 18/05/2018 | Pragati/142/27.11.2017/672/20.11.2017/28.11.2017 | 869.00 | 005.55 ELL | B-682229 | 1 | 869.00 | English Books |
